LEADER 01393nam0 2200289 450 001 000042584 005 20161207140844.0 100 $a20161013d2015----km-y0itay50------ba 101 0 $aeng 102 $aIT 105 $aa---m-------- 200 1 $aRemoval of pharmaceuticals and pesticides from liquid phase using advance oxidation processes (AOP's)$bTesi di dottorato$fdottorando: Samer Khalaf$gcoordinatore: Sabino A. Bufo$gtutor: Sabino A. Bufo$gco-tutor: Rafik Karaman, Laura Scrano 210 $a[Potenza]$d[2015] 215 $a821 p.$cill.$d30 cm. 328 1$aTesi di dottorato: Universitą della Basilicata, Dottorato di ricerca in Bioecosystems and biotechnology, XXVIII ciclo, A.a. 2014-2015 676 $a668.65$v(22. ed.)$9Sostanze chimiche agrarie. Pesticidi 686 $aAGR/13$cChimica agraria 700 1$aKhalaf,$bSamer$0758373 801 0$aIT$bUniversitą della Basilicata - B.I.A.$gREICAT$2unimarc 912 $a000042584 996 $aRemoval of pharmaceuticals and pesticides from liquid phase using advance oxidation processes (AOP's)$91531630 997 $aUNIBAS CAT $aSTD112$b01$c20161013$lBAS01$h1045 CAT $aSTD112$b01$c20161013$lBAS01$h1123 CAT $aTTM$b30$c20161207$lBAS01$h1408 FMT Z30 -1$lBAS01$LBAS01$mBOOK$1BASA2$APolo Tecnico-Scientifico$2TDO$BTesi di Dottorato$3TDA.28c.KS1$642584-10$54258410$820161013$f98$FConsultazione LEADER 05340nam 2200637Ia 450 001 9910830596403321 005 20170810192831.0 010 $a1-280-85418-9 010 $a9786610854189 010 $a3-527-60730-7 010 $a3-527-60710-2 035 $a(CKB)1000000000376053 035 $a(EBL)482235 035 $a(OCoLC)70154864 035 $a(SSID)ssj0000097272 035 $a(PQKBManifestationID)11116627 035 $a(PQKBTitleCode)TC0000097272 035 $a(PQKBWorkID)10113251 035 $a(PQKB)10450965 035 $a(MiAaPQ)EBC482235 035 $a(PPN)188347844 035 $a(EXLCZ)991000000000376053 100 $a20050208d2005 uy 0 101 0 $aeng 135 $aur|n|---||||| 181 $ctxt 182 $cc 183 $acr 200 00$aAdhesion$b[electronic resource] $ecurrent research and applications /$fedited by Wulff Possart 210 $aWeinheim $cWiley-VCH$dc2005 215 $a1 online resource (609 p.) 300 $a"Based on lectures held at the 7th European Conference on Adhesion"--P. vi. 311 $a3-527-31263-3 320 $aIncludes bibliographical references and index. 327 $aAdhesion; Preface; Contents; List of Contributors; 1 The Interfacial Chemistry of Adhesion: Novel Routes to the Holy Grail?; Abstract; 1.1 Introduction; 1.2 Development of a Model Interphase; 1.3 The Buried Interface; 1.4 Conclusion; Acknowledgments; References; 2 Modeling Fundamental Aspects of the Surface Chemistry of Oxides and their Interactions with Coupling Agents; Abstract; 2.1 Introduction: Atomistic Simulations in Adhesion; 2.2 Prediction of Surface Properties: Ideal Reconstructions on ?-SiO(2) (0001); 2.3 Organic Components of the Adhesive and Substrate-Adhesive Interaction 327 $a2.4 Conclusion and OutlookReferences; 3 Adhesion at the Nanoscale: an Approach by AFM; Abstract; 3.1 Introduction; 3.2 Materials and Methods; 3.2.1 Preparation of Oxidized Silica Surface; 3.2.2 Grafting of Functionalized SAMs onto Silicon Wafer; 3.2.3 Crosslinking and Functionalization of PDMS Networks; 3.2.4 Characterization of the SAMs; 3.3 Results and Discussion; 3.3.1 Force-Distance Curve Measurements and AFM Calibration; 3.3.1.1 Force-Distance Curve Features; 3.3.1.2 The DD Curve (Contact Mode); 3.3.1.3 AFM Calibration; 3.3.1.3.1 Determination of the Spring Constant of the Cantilever 327 $a3.3.1.3.2 Nonlinearity of the Quadrant of Photodiodes3.3.1.3.3 Scan Rate of the Cantilever; 3.3.1.3.4 Systematic Check; 3.3.2 Force-Distance Curves on Rigid Systems of Controlled Surface Chemistry; 3.3.3 Force-Distance Measurements on Polymers; 3.3.3.1 Force-Indentation Measurements on Polymers; 3.3.3.2 Force-Indentation Curves on Systems of Controlled Surface Chemistry and Controlled Mechanical Properties; 3.4 Conclusion; References; 4 Organization of PCL-b-PMMA Diblock Thin Films: Relationship to the Adsorption Substrate Chemistry; Abstract; 4.1 Introduction; 4.2 Materials and Methods 327 $a4.2.1 PCL-b-PMMA Diblocks4.2.2 Infrared Spectroscopy; 4.2.2.1 Transmission; 4.2.2.2 Polarization-Modulation Infrared Reflection-Absorption Spectroscopy (PM-IRRAS); 4.2.3 Atomic Force Microscopy (AFM); 4.3 Results and Discussion; 4.3.1 PCL-b-PMMA Bulk Characterization; 4.3.2 PCL-b-PMMA Thin Films on OH-Functionalized Gold Substrates; 4.3.3 PCL-b-PMMA Thin Films on Gold Substrates; 4.4 Conclusion; References; 5 Adhesion and Friction Properties of Elastomers at Macroscopic and Nanoscopic Scales; Abstract; 5.1 Introduction; 5.2 Materials and Methods; 5.3 Results and Discussion 327 $a5.3.1 Adherence Energy5.3.2 Macroscale Friction; 5.3.3 Nanoscale Friction and Adhesion; 5.4 Conclusion; References; 6 Chemical Structure Formation and Morphology in Ultrathin Polyurethane Films on Metals; Abstract; 6.1 Introduction; 6.2 Materials and Methods; 6.2.1 Sample Preparation; 6.2.2 Experimental Characterization; 6.2.3 IR Spectra Calculation; 6.2.4 IR Band Assignment; 6.3 Results and Discussion; 6.3.1 Curing at Room Temperature; 6.3.2 Morphology of Thin Films; 6.3.3 Chemical Structure of Cured Films; 6.4 Conclusion; Acknowledgments; References 327 $a7 Properties of the Interphase Epoxy-Amine/Metal: Influences from the Nature of the Amine and the Metal 330 $aEmphasizing the most recent developments this book addresses both the basic and applied aspects of adhesion. The authors present the latest results on fundamental aspects, adhesion in biology, chemistry for adhesive formulation, surface chemistry and the pretreatment of adherends, mechanical issues, non-destructive testing and the durability of adhesive joints, as well as advanced technical applications of adhesive joints. Prominent scientists review the current level of knowledge concerning the role of chemical bonds in adhesion, new resins and nanocomposites for adhesives, and about the role 606 $aAdhesion 606 $aAdsorption 615 0$aAdhesion. 615 0$aAdsorption. 676 $a541.33 676 $a620.199 701 $aPossart$b Wulff$01667955 712 12$aEuropean Conference on Adhesion$d(7th :$f2004 :$eFreiberg, Germany) 801 0$bMiAaPQ 801 1$bMiAaPQ 801 2$bMiAaPQ 906 $aBOOK 912 $a9910830596403321 996 $aAdhesion$94028187 997 $aUNINA LEADER 00966nam 2200349 450 001 9910826024403321 005 20210208214229.0 010 $a3-8382-7337-0 035 $a(CKB)4100000009183683 035 $a(MiAaPQ)EBC6017507 035 $a(EXLCZ)994100000009183683 100 $a20201006d2019 uy 0 101 0 $aeng 135 $aurcnu|||||||| 181 $ctxt$2rdacontent 182 $cc$2rdamedia 183 $acr$2rdacarrier 200 00$aIn their own voices $econversations with emerging African leaders /$fKristina Bekenova (ed.) 210 1$aStuttgart :$cIbidem Verlag,$d[2019] 210 4$d©2019 215 $a1 online resource (119 pages) 606 $aLeadership$zAfrica 615 0$aLeadership 676 $a303.34096 702 $aBekenova$b Kristina 801 0$bMiAaPQ 801 1$bMiAaPQ 801 2$bMiAaPQ 906 $aBOOK 912 $a9910826024403321 996 $aIn their own voices$91162268 997 $aUNINA LEADER 04845oam 22012374 450 001 9910162926303321 005 20250426110924.0 010 $a9781475569810 010 $a1475569815 010 $a9781475569889 010 $a1475569882 035 $a(CKB)3710000001045041 035 $a(MiAaPQ)EBC4800287 035 $a(IMF)WPIEA2017004 035 $aWPIEA2017004 035 $a(EXLCZ)993710000001045041 100 $a20020129d2017 uf 0 101 0 $aeng 135 $aurcnu|||||||| 181 $2rdacontent 182 $2rdamedia 183 $2rdacarrier 200 10$aHow Buoyant is the Tax System? New Evidence from a Large Heterogeneous Panel /$fPaolo Dudine, Joćo Tovar Jalles 210 1$aWashington, D.C. :$cInternational Monetary Fund,$d2017. 215 $a1 online resource (34 pages) $cillustrations (some color), graphs, tables 225 1 $aIMF Working Papers 311 08$a9781475569797 311 08$a1475569793 320 $aIncludes bibliographical references. 330 3 $aIn this paper we provide short- and long-run tax buoyancy estimates for 107 countries (distributed between advanced, emerging and low-income) for the period 1980?2014. By means of Fully-Modified OLS and (Pooled) Mean Group estimators, we find that: i) for advanced economies both long-run and short-run buoyancies are not different from one; ii) long run tax buoyancy exceeds one in the case of CIT for advanced economies, PIT and SSC in emerging markets, and TGS for low income countries, iii) in advanced countries (emerging market economies) CIT (CIT and TGS) buoyancy is larger during contractions than during times of economic expansions; iv) both trade openness and human capital increase buoyancy while inflation and output volatility decrease it. 410 0$aIMF Working Papers; Working Paper ;$vNo. 2017/004 606 $aTax revenue estimating 606 $aFinance: General$2imf 606 $aInflation$2imf 606 $aPersonal Finance -Taxation$2imf 606 $aPublic Finance$2imf 606 $aCorporate Taxation$2imf 606 $aFiscal Policy$2imf 606 $aEfficiency$2imf 606 $aOptimal Taxation$2imf 606 $aTaxation and Subsidies: Other$2imf 606 $aForecasts of Budgets, Deficits, and Debt$2imf 606 $aTaxation, Subsidies, and Revenue: General$2imf 606 $aBusiness Taxes and Subsidies$2imf 606 $aPersonal Income and Other Nonbusiness Taxes and Subsidies$2imf 606 $aPrice Level$2imf 606 $aDeflation$2imf 606 $aGeneral Financial Markets: General (includes Measurement and Data)$2imf 606 $aPublic finance & taxation$2imf 606 $aCorporate & business tax$2imf 606 $aMacroeconomics$2imf 606 $aFinance$2imf 606 $aRevenue administration$2imf 606 $aCorporate income tax$2imf 606 $aPersonal income tax$2imf 606 $aEmerging and frontier financial markets$2imf 606 $aTaxes$2imf 606 $aPrices$2imf 606 $aFinancial markets$2imf 606 $aRevenue$2imf 606 $aCorporations$2imf 606 $aTaxation$2imf 606 $aIncome tax$2imf 606 $aFinancial services industry$2imf 607 $aUnited States$2imf 615 0$aTax revenue estimating. 615 7$aFinance: General 615 7$aInflation 615 7$aPersonal Finance -Taxation 615 7$aPublic Finance 615 7$aCorporate Taxation 615 7$aFiscal Policy 615 7$aEfficiency 615 7$aOptimal Taxation 615 7$aTaxation and Subsidies: Other 615 7$aForecasts of Budgets, Deficits, and Debt 615 7$aTaxation, Subsidies, and Revenue: General 615 7$aBusiness Taxes and Subsidies 615 7$aPersonal Income and Other Nonbusiness Taxes and Subsidies 615 7$aPrice Level 615 7$aDeflation 615 7$aGeneral Financial Markets: General (includes Measurement and Data) 615 7$aPublic finance & taxation 615 7$aCorporate & business tax 615 7$aMacroeconomics 615 7$aFinance 615 7$aRevenue administration 615 7$aCorporate income tax 615 7$aPersonal income tax 615 7$aEmerging and frontier financial markets 615 7$aTaxes 615 7$aPrices 615 7$aFinancial markets 615 7$aRevenue 615 7$aCorporations 615 7$aTaxation 615 7$aIncome tax 615 7$aFinancial services industry 676 $a336.200112 700 $aDudine$b Paolo$01451146 701 $aJalles$b Joćo Tovar$01378689 801 0$bDcWaIMF 906 $aBOOK 912 $a9910162926303321 996 $aHow Buoyant is the Tax System? New Evidence from a Large Heterogeneous Panel$93651077 997 $aUNINA LEADER 03471nam 22005895 450 001 9910983039703321 005 20250626164643.0 010 $a3-031-68815-5 024 7 $a10.1007/978-3-031-68815-7 035 $a(MiAaPQ)EBC31684361 035 $a(Au-PeEL)EBL31684361 035 $a(CKB)36165668200041 035 $a(DE-He213)978-3-031-68815-7 035 $a(EXLCZ)9936165668200041 100 $a20240921d2025 u| 0 101 0 $aeng 135 $aurcnu|||||||| 181 $ctxt$2rdacontent 182 $cc$2rdamedia 183 $acr$2rdacarrier 200 10$a2nd International Conference on Engineering Manufacture 2024 $eSelected Contributions of EM 2024 /$fedited by Lucas F. M. da Silva, Maria de Fįtima Reis Vaz, Marion Merklein, Ricardo J. C. Carbas 205 $a1st ed. 2025. 210 1$aCham :$cSpringer Nature Switzerland :$cImprint: Springer,$d2025. 215 $a1 online resource (123 pages) 225 1 $aProceedings in Engineering Mechanics, Research, Technology and Education,$x2731-023X 311 08$a3-031-68814-7 327 $aHeat treatment -- Study of the Influence of Different Quenching Oils on the Hardness and Microstructure of Carburizing Steels -- Rolling -- The influence of cross-wedge rolling on the microstructure of railway axles made of EA1N steel -- Analysis of the effect of tapered roll geometry on the parameters of the skew rolling process of a railway axle forging -- Additive manufacturing -- Enabling solidification processes of complex shapes using common Additive Manufacturing technologies: Initial experiences -- A Systematic Study of Large Format Additive Manufacturing -- Joining -- Approach to improve the Reproducibility and to decrease the Deformation during Diffusion Bonding of Parts with arbitrary Geometries -- Fatigue -- Fatigue analysis of a cross wedge rolled rail axle -- Fatigue analysis of the material of a railway axle manufactured in a CNC rolling mill -- Assessment of the fatigue performance of forging die steels in corrosive and lubricant media. 330 $aThis book gathers selected papers presented at the 2nd International Conference on Engineering Manufacture, held in Porto, Portugal, May 9?10, 2024. The focus is on engineering manufacture and includes works on additive manufacturing, heat treatment, rolling, joining and fatigue. The book provides the state-of-the-art of engineering manufacture and also serves as a reference volume for researchers and graduate students working in the field of technological processes. 410 0$aProceedings in Engineering Mechanics, Research, Technology and Education,$x2731-023X 606 $aMechanical engineering 606 $aIndustrial engineering 606 $aProduction engineering 606 $aEngineering design 606 $aMechanical Engineering 606 $aIndustrial and Production Engineering 606 $aEngineering Design 615 0$aMechanical engineering. 615 0$aIndustrial engineering. 615 0$aProduction engineering. 615 0$aEngineering design. 615 14$aMechanical Engineering. 615 24$aIndustrial and Production Engineering. 615 24$aEngineering Design. 676 $a670 702 $ada Silva$b Lucas F. M. 801 0$bMiAaPQ 801 1$bMiAaPQ 801 2$bMiAaPQ 906 $aBOOK 912 $a9910983039703321 996 $a2nd International Conference on Engineering Manufacture 2024$94403947 997 $aUNINA